Pakistan cut to size: the authentic story of the 14-day Indo-Pak war told for the first time by the veteran writer (Record no. 349855)

000 -LEADER
fixed length control field 00430cam a22001217a 4500
008 - FIXED-LENGTH DATA ELEMENTS--GENERAL INFORMATION
fixed length control field 180718bn.d. xxu||||| |||| 00| 0 eng d
082 ## - DEWEY DECIMAL CLASSIFICATION NUMBER
Classification number D49x54 M314p
100 ## - MAIN ENTRY--PERSONAL NAME
Personal name Mankekar, D.R.
245 ## - TITLE STATEMENT
Title Pakistan cut to size: the authentic story of the 14-day Indo-Pak war told for the first time by the veteran writer
Statement of responsibility, etc. by D.R. Mankekar
260 ## - PUBLICATION, DISTRIBUTION, ETC.
Place of publication, distribution, etc. New Delhi
Name of publisher, distributor, etc. Indian Bk.
Date of publication, distribution, etc. n.d.
300 ## - PHYSICAL DESCRIPTION
Extent 175p.
650 ## - SUBJECT ADDED ENTRY--TOPICAL TERM
Topical term or geographic name entry element India-Pakistan Conflict, 1971
Holdings
Withdrawn status Lost status Damaged status Not for loan Permanent Location Current Location Date acquired Full call number Barcode Date last seen Price effective from Koha item type
        Indian Institute of Public Administration Indian Institute of Public Administration 1993-11-02 D49x54 M314p 47079 2018-07-21 2018-07-21 Book

Powered by Koha